00636nam a2200217Ia 450000500170000000800410001702000250005804000190008304100120010208200160011410000170013024500430014725000120019026000420020230000280024444000290027250400500030165000320035170000250038385000100040820230615115230.0131103s9999 xx 000 0 und d a582051266c20.99 pds aLoreto College aEnglish a945.09bCLA aClark,Martin aModern Italy 1871 - 1995cMartin Clark a2nd ed. aLondonbLongmanc1996 (1998 printing) axiii,474 p.b ill.,maps aLongman History Of Italy aIncludes bibliographical references and index aItaly - History,1871 - 1995 aHay,Denys,series ed. aLCLIB